000 00595nam a2200193Ia 4500
005 20250508163727.0
008 008 250505s9999 xx 000 0 eng d
020 _a81-7304-070-2
037 _aTextual
040 _aFEDL
_beng
_cFEDL
041 _aeng
_2eng
084 _a297, HAS
_qFEDL
100 _aMushirul Hasan Ed.
_914446
245 0 _aIslam, communiies and the nation : Muslim identities in South Asia and beyond
260 _aNew Delhi, India
_bManohar Publishers and Distributors
_c1998
300 _a517p.
942 _cTEXL
_h297, HAS
999 _c1384924
_d1384924